| 000 | 00377 a2200145 4500 | ||
|---|---|---|---|
| 005 | 20250628075931.0 | ||
| 020 | _a0-07-366002-7 | ||
| 082 | _a658.049 HIL | ||
| 100 | _aHILL, C. | ||
| 245 | _aInternational Business | ||
| 250 | _a2nd Ed. | ||
| 260 |
_aNew York City _bIrwin/McGraw-Hill _c1998 |
||
| 300 |
_axx; 629Pages; Glossary; Index _bIllustration _c24cm |
||
| 942 |
_2ddc _n0 _cBKS |
||
| 999 |
_c5856 _d5856 |
||